Variables complejas y sus aplicaciones
Saved in:
| Main Authors: | , , |
|---|---|
| Format: | Bog |
| Sprog: | spansk |
| Udgivet: |
Ciudad de México
McGraw-Hill
1978
|
| Udgivelse: | 2a. ed |
| Fag: | |
| Tags: |
Tilføj Tag
Ingen Tags, Vær først til at tagge denne postø!
|
MARC
| LEADER | 00000nam a2200000 a 4500 | ||
|---|---|---|---|
| 001 | UCW1088 | ||
| 003 | CL-VaPUC | ||
| 008 | 910426e19780000MX |||||||||||||||||spa|d | ||
| 082 | 0 | 4 | |a 515.9 |b CHU |2 21 |
| 100 | 0 | |a Churchill, Ruel Vance |e author |9 305008 | |
| 700 | 0 | |a Brown, James Ward |e author |9 305009 | |
| 700 | 0 | |a Verhey, Roger F |e author |9 305010 | |
| 245 | 1 | 0 | |a Variables complejas y sus aplicaciones |
| 250 | |a 2a. ed | ||
| 300 | |a 369 p | ||
| 942 | |c BK | ||
| 945 | |d 19910426 00:00:00 |a cmena | ||
| 260 | |a Ciudad de México |b McGraw-Hill |c 1978 | ||
| 650 | 0 | |a Funciones de variables complejas |9 260212 | |
| 583 | |a last modification |c 20111011 03:33:01 |k Rodrigo Vera | ||
| 999 | |c 216054 |d 216052 | ||
| 952 | |0 0 |1 0 |4 0 |6 515_900000000000000_CHU_1978 |7 0 |8 A |9 201459 |a BIBMAT |b BIBMAT |d 2019-11-14 |i 2686910 |o 515.9 CHU 1978 |p 2686910 |r 2025-01-07 |w 2019-11-14 |y BK |k MAT | ||